Perspektívy spolupráce EÚ s Tureckom v podmienkach rastúceho vplyvu Číny bakalárska práca

Gespeichert in:
Bibliographische Detailangaben
1. Verfasser: Hanzel, Marek
Körperschaft: Obchodná fakulta EU. Katedra medzinárodného obchodu
Weitere Verfasser: Zubaľová, Ľubica, 1969-
Format: Buch
Sprache:Slowakisch
Veröffentlicht: Bratislava 2022
Tags: Tag hinzufügen
Keine Tags, Fügen Sie das erste Tag hinzu!

MARC

LEADER 00000nbm a2200000 4500
001 0285770
005 20221201125917.6
041 0 |a slo 
044 |a SK 
245 1 0 |a Perspektívy spolupráce EÚ s Tureckom v podmienkach rastúceho vplyvu Číny  |b bakalárska práca  |c Marek Hanzel ; školiteľ: Ľubica Zubaľová 
264 1 |a Bratislava  |c 2022 
300 |a 58 s. 
100 1 |a Hanzel, Marek 
700 1 |a Zubaľová, Ľubica, 1969- 
710 2 |a Obchodná fakulta EU. Katedra medzinárodného obchodu